| 000 | 00699nam a2200217 4500 | ||
|---|---|---|---|
| 999 |
_c9554 _d9554 |
||
| 001 | 9554 | ||
| 003 | BD-JhCC | ||
| 005 | 20180528142750.0 | ||
| 008 | 180319b1976 bg ||||| |||| 00| 0 ben d | ||
| 035 | _a(BD-JhCC)9554 | ||
| 040 |
_aBD-JhCC _dBD-JhCC |
||
| 041 | _aben | ||
| 082 |
_a320 _bRAJ 1976 |
||
| 245 |
_aরাজনীতির গোড়ার কথা / _cএম. এ. ওয়াদুদ ভূঁইয়া অনূদিত |
||
| 260 |
_aঢাকা : _bবাংলা একাডেমী _c1976. |
||
| 300 |
_a264 p. : _c21 cm. |
||
| 650 | _aPolitical Science | ||
| 700 | _aভূঁইয়া, এম. এ. ওয়াদুদ | ||
| 942 |
_2ddc _cBK |
||